<?xml version="1.0" encoding="UTF-8"?>
<record
    xmlns:xsi="http://www.w3.org/2001/XMLSchema-instance"
    xsi:schemaLocation="http://www.loc.gov/MARC21/slim http://www.loc.gov/standards/marcxml/schema/MARC21slim.xsd"
    xmlns="http://www.loc.gov/MARC21/slim">

  <leader>00507nam a2200145Ia 4500</leader>
  <controlfield tag="008">230917s9999||||xx |||||||||||||| ||und||</controlfield>
  <datafield tag="040" ind1=" " ind2=" ">
    <subfield code="e">242617</subfield>
    <subfield code="a">MAIN</subfield>
  </datafield>
  <datafield tag="041" ind1=" " ind2=" ">
    <subfield code="a">English</subfield>
  </datafield>
  <datafield tag="082" ind1=" " ind2=" ">
    <subfield code="a">891.43371109 RF298:DH</subfield>
  </datafield>
  <datafield tag="100" ind1=" " ind2=" ">
    <subfield code="a">&#x926;&#x941;&#x92C;&#x947;, &#x939;&#x930;&#x93F;&#x936;&#x902;&#x915;&#x930;</subfield>
  </datafield>
  <datafield tag="245" ind1=" " ind2="0">
    <subfield code="a">&#x92B;&#x923;&#x940;&#x936;&#x94D;&#x935;&#x930;&#x928;&#x93E;&#x925; &#x930;&#x947;&#x923;&#x941;&#x903; &#x935;&#x94D;&#x92F;&#x915;&#x94D;&#x924;&#x93F;&#x924;&#x94D;&#x935; &#x90F;&#x935;&#x902; &#x915;&#x943;&#x924;&#x93F;&#x924;&#x94D;&#x935;</subfield>
  </datafield>
  <datafield tag="260" ind1=" " ind2=" ">
    <subfield code="a">&#x915;&#x93E;&#x928;&#x92A;&#x941;&#x930;</subfield>
    <subfield code="b">&#x935;&#x93F;&#x915;&#x93E;&#x938; &#x92A;&#x94D;&#x930;&#x915;&#x93E;&#x936;&#x928;</subfield>
    <subfield code="c">1992</subfield>
  </datafield>
  <datafield tag="300" ind1=" " ind2=" ">
    <subfield code="a">328 &#x92A;&#x943;. p.</subfield>
  </datafield>
  <datafield tag="942" ind1=" " ind2=" ">
    <subfield code="c">HD</subfield>
  </datafield>
  <datafield tag="952" ind1=" " ind2=" ">
    <subfield code="0">0</subfield>
    <subfield code="1">0</subfield>
    <subfield code="2">ddc</subfield>
    <subfield code="4">0</subfield>
    <subfield code="6">891_433711090000000_RF298DH</subfield>
    <subfield code="7">0</subfield>
    <subfield code="9">126356</subfield>
    <subfield code="a">MAIN</subfield>
    <subfield code="b">MAIN</subfield>
    <subfield code="d">2017-10-10</subfield>
    <subfield code="l">0</subfield>
    <subfield code="o">891.43371109 RF298:DH</subfield>
    <subfield code="p">160300</subfield>
    <subfield code="r">2023-09-17 21:00:02</subfield>
    <subfield code="w">2023-09-17</subfield>
    <subfield code="y">HN</subfield>
  </datafield>
  <datafield tag="999" ind1=" " ind2=" ">
    <subfield code="c">83039</subfield>
    <subfield code="d">83039</subfield>
  </datafield>
</record>
